01014nam a22002777a 4500008004100000020001400041020001400055040001800069041000800087100002100095245012700116260004200243300002100285490004600306504005300352650002700405650002600432650003000458650003400488650003100522650003700553650001700590700002800607700002600635856007500661130821s2000 enk gr eng  a415247608 a415247616 aCo-BoUCMbspa00aeng1 aStacey, Ralph D.10aComplexity and management fad or radical challenge to systems thinking?cRalph D. Stacey, Douglas Griffin y Patricia Shaw aLondres (Inglaterra)bRoutledgec2000 ax, 224 páginas 0aComplexity and emergence in organizations aIncluye referencias bibliográficas e índice.04aAnálisis de sistemas04aCambio organizacional04aComplejidad (Filosofía)04aComportamiento organizacional04aEfectividad organizacional04aRelaciones interorganizacionales04aSociología 7aGriffin, Douglasd1946- 7aShaw, Patriciad1953-42zTabla de Contenidouhttp://www.loc.gov/catdir/toc/fy0704/00062574.html